Spell Country Names Backwards - Whammies - Statistics

General Stats
  • This quiz has been taken 32 times
  • The average score is 61 of 83
Answer Stats
Hint Answer % Correct
Venezuela A
100%
E
100%
L
100%
Poland D
96%
E
96%
E
96%
N
96%
U
96%
V
96%
Z
96%
A
91%
Estonia A
91%
I
91%
L
91%
N
91%
N
91%
O
91%
P
91%
A
87%
E
87%
Kazakhstan N
87%
O
87%
S
87%
S
87%
T
87%
T
87%
H
83%
A
74%
A
74%
A
74%
A
74%
Guatemala A
74%
A
74%
Thailand D
74%
E
74%
H
74%
I
74%
K
74%
K
74%
L
74%
L
74%
M
74%
N
74%
T
74%
T
74%
Z
74%
A
70%
A
65%
A
65%
N
65%
Kyrgyzstan N
65%
O
65%
R
65%
S
65%
T
65%
U
65%
W
65%
Norway Y
65%
Y
65%
Z
65%
G
61%
G
61%
K
61%
R
61%
Y
61%
A
57%
A
57%
A
57%
A
57%
C
57%
D
57%
G
57%
M
57%
Cameroon N
57%
O
57%
O
57%
Madagascar R
57%
R
57%
S
57%
A
52%
C
52%
E
52%
M
52%
No matching quizzes found
Score Distribution
Percent of People with Each Score
Percentile by Number Answered
Your Score History
You have not taken this quiz